000 00813cam a22002777a 4500
003 CHAP
005 20220329134050.0
008 971013s1980 us a r 00010 eng d
010 _a14891
011 _a15863
035 _a19940
040 _cCHAP
082 0 4 _a584.22
_bB4
100 0 0 _aBenzing, David H.
_911717
245 1 4 _aThe biology of the bromeliads
260 _aEureka, Cal. :
_bMad River,
_c1980
300 _a805 p.
_b: ilus.
590 _aBATCH-UPD
_b10
_c20130110
_lUCH01
_h1953
590 _aBATCH-UPD
_b10
_c20130410
_lUCH01
_h1314
590 _aBATCH-UPD
_b10
_c20130914
_lUCH01
_h0751
590 _aCONVERSION
_b10
_c20130109
_lUCH01
_h1309
650 1 4 _aBromeliáceas.
_915513
901 _aBK
942 _cLIBRO
949 _a584.22 B4
_bBC
_cLIBRO
_d33724000450664
_eLIBRO
_h58288
_i19940
_si
_t550.00
999 _c14891
_d14891